000 00327nam a22001457a 4500
020 _a81-7024-704-7
041 _aENG
100 _aSabata.B.C
245 _aRiver Pollution in India A Case Study of Ganga River
260 _aDelhi
_bNew Apcon
_c1997
300 _a223
650 _aIDE
700 _aNayar.M.P
856 _uIDE
999 _c326
_d326